| 000 -ლიდერი |
| ფიქსირებული სიგრძის საკონტროლო ველი |
01241nam a2200253Ia 4500 |
| 001 - საკონტროლო ნომერი |
| საკონტროლო ველი |
20489 |
| 003 - საკონტროლო ნომრის იდენტიფიკატორი |
| საკონტროლო ველი |
GE_BSU |
| 005 - ბოლო ოპერაციის თარიღი და დრო |
| საკონტროლო ველი |
20210104184402.0 |
| 008 - ფიქსირებული სიგრძის მონაცემთა ელემენტები - ზოგადი ინფორმაცია |
| ფიქსირებული სიგრძის საკონტროლო ველი |
181216s1981||||ge |||||||||||||| || || |
| 040 ## - კატალოგიზაციის წყარო |
| Transcribing agency |
GE_BSU |
| 041 ## - ენის კოდი |
| Language code of text/sound track or separate title |
geo |
| 080 ## - უნივერსალური ათობითი კლასიფიკაციის ინდექსი |
| Universal Decimal Classification number |
811.353.1-8(075.3) შ-21 |
| 100 ## - მთავარი ჩანაწერი - პიროვნების სახელი |
| Personal name |
შანიძე, ა. |
| 9 (RLIN) |
9974 |
| 245 ## - ცნობა სათაურის შესახებ |
| Title |
ქართული ენის გრამატიკა ნაწ. 2 : სინტაქსი (მართლწერის საკითხებითურთ) : |
| Remainder of title |
VII-VIII კლ. სახელმძღ. / |
| Statement of responsibility, etc |
ა. შანიძე, ლ. კვაჭაძე ; რედ. ე. პოლოლიკაშვილი. |
| 250 ## - გამოცემის ცნობა |
| Edition statement |
მე-18 გამოცემა |
| 264 ## - წარმოების, გამოცემის, დისტრიბუციის და სხვა ცნობები |
| გამოცემის, წარმოების, დისტრიბუციის... ადგილი |
თბილისი : |
| გამოცემის, წარმოების, დისტრიბუციის... სახელწოდება |
განათლება, |
| გამოცემის, წარმოების, დისტრიბუციის... თარიღი |
1981. |
| 300 ## - ფიზიკური აღწერა |
| Extent |
136 გვ. ; |
| Dimensions |
21 სმ. |
| 653 ## - INDEX TERM--UNCONTROLLED |
| Uncontrolled term |
ქართული ენის გრამატიკა |
| 653 ## - INDEX TERM--UNCONTROLLED |
| Uncontrolled term |
სინტაქსი (მართლწერის საკითხებითურთ) |
| 700 ## - ADDED ENTRY--PERSONAL NAME |
| Personal name |
კვაჭაძე, ლ. |
| Relator term |
ავტორი |
| 9 (RLIN) |
9975 |
| 700 ## - ADDED ENTRY--PERSONAL NAME |
| Personal name |
პოლოლიკაშვილი, ე. |
| Relator term |
რედაქტორი |
| 9 (RLIN) |
4959 |
| 942 ## - ADDED ENTRY ELEMENTS (KOHA) |
| Koha item type |
წიგნი |
| Source of classification or shelving scheme |
|